| 000 | 00684nam a2200193 a 4500 | ||
|---|---|---|---|
| 090 |
_aLB _b01980 |
||
| 041 | _aspa | ||
| 100 |
_aSalamanca, Bibiana _992278 |
||
| 245 |
_aProtocolo distrital de restauración ecológica _bguía para la restauración de ecosistemas nativos en las áreas rurales de Santa fe de Bogotá |
||
| 260 |
_aBogotá _bDAMA _bFundación Bachaqueros _c2000 |
||
| 300 | _a288 | ||
| 650 |
_aRestauración ecológica _992279 |
||
| 650 |
_aGuías técnicas _94190 |
||
| 650 |
_aEcosistemas _992256 |
||
| 650 |
_aEspecies dinamogenéticas _97580 |
||
| 650 |
_aClaves dendrológicas _933103 |
||
| 662 |
_aColombia _dBogotá _bCundinamarca |
||
| 700 |
_aCamargo, Germán _97584 |
||
| 999 |
_c2148 _d2148 |
||